00601nam a2200193 i 4500001000700000003000900007007000300016008004100019080002500060100002000085245010000105250001300205260003700218300002200255490003400277500002900311830003400340852003300374105779ES-MaACLt|060828s1965 ag ||||1| spa d a821.134.2(82)-31"19"1 aGuido, Beatriz.13aEl incendio y las vísperas b: 17 de octubre de 1952 - 15 de abril de 1953 / cBeatriz Guido. a11ª ed. aBuenos Aires : bLosada, c1965. a175 p. ; c20 cm.1 aNovelistas de nuestra época aBiblioteca Juan Andrade.0 aNovelistas de nuestra época aES-MaACLjAND-599 bR.109897